[Event "IECC O-1866"]
[Site "IECC email"]
[Date "2004.01.21"]
[Round "?"]
[White "Hunter, David"]
[Black "Buford, Tiger"]
[Result "1-0"]
[WhiteElo "1100"]
[BlackElo "1054"]
[PlyCount "69"]
[EventDate "2004.??.??"]
[EventType "swiss (corr)"]
[EventRounds "2"]
[SourceTitle "Corr 2020"]
[Source "ChessBase"]
[SourceDate "2019.09.30"]
[SourceVersion "1"]
[SourceVersionDate "2019.09.30"]
[SourceQuality "1"]
[WhiteTeam "United States"]
[BlackTeam "United States"]
[WhiteTeamCountry "USA"]
[BlackTeamCountry "USA"]

1. e4 c5 2. Nf3 Nc6 3. d4 cxd4 4. Nxd4 Nf6 5. Nc3 Ne5 6. Be2 a6 7. Bf4 Ng6 8. Qd2 e5 9. Bg5 exd4 10. Qxd4 h6 11. Be3 Qc7 12. 0-0-0 d6 13. Nd5 Nxd5 14. exd5 Qa5 15. Kb1 Bf5 16. g4 Bd7 17. g5 hxg5 18. Bd2 Qd8 19. Qe4+ Ne5 20. Bc3 Rh4 21. Qe3 Qf6 22. Qb6 Qf3 23. Bxf3 Nxf3 24. Qe3+ Ne5 25. Bxe5 dxe5 26. Qxe5+ Kd8 27. Qxg5+ Be7 28. Qxg7 Kc7 29. Qg3+ Kb6 30. Rhe1 Rg4 31. Qb3+ Rb4 32. Qa3 Bd6 33. c3 Bf5+ 34. Ka1 Re4 35. Qxd6+ 1-0

[Event "IECC O-1826"]
[Site "IECC email"]
[Date "2003.12.04"]
[Round "?"]
[White "Lafargue, Philippe"]
[Black "Buford, Tiger"]
[Result "0-1"]
[WhiteElo "900"]
[BlackElo "1044"]
[PlyCount "76"]
[EventDate "2003.??.??"]
[EventType "swiss (corr)"]
[EventRounds "2"]
[SourceTitle "Corr 2020"]
[Source "ChessBase"]
[SourceDate "2019.09.30"]
[SourceVersion "1"]
[SourceVersionDate "2019.09.30"]
[SourceQuality "1"]
[WhiteTeam "France"]
[BlackTeam "United States"]
[WhiteTeamCountry "FRA"]
[BlackTeamCountry "USA"]

1. d4 d5 2. Nc3 Nf6 3. Bf4 e6 4. Nb5 Na6 5. Qd2 Ne4 6. Qe3 Bd7 7. Qb3 Qf6 8. e3 Bb4+ 9. c3 Be7 10. f3 c6 11. Nc7+ Nxc7 12. Bxc7 Nd6 13. Bxd6 Bxd6 14. f4 Rb8 15. 0-0-0 0-0 16. Bd3 Qh4 17. g3 Qh5 18. Qc2 c5 19. Rf1 c4 20. Be2 Qh6 21. h4 b5 22. g4 a5 23. g5 Qg6 24. f5 exf5 25. Nh3 Qe6 26. Rhg1 Qxe3+ 27. Qd2 Qxh3 28. h5 a4 29. Rh1 Qg3 30. h6 g6 31. Rhg1 Qh4 32. a3 f6 33. gxf6 Rxf6 34. Bg4 fxg4 35. Rh1 Bf4 36. Rxf4 Qxh1+ 37. Kc2 Bf5+ 38. Rxf5 Rxf5 0-1